|
|
|
|
| LEADER |
00000nam0a2200000 4500 |
| 001 |
165375 |
| 005 |
20231031161721.0 |
| 035 |
|
|
|a (RuTPU)RU\TPU\book\179399
|
| 090 |
|
|
|a 165375
|
| 100 |
|
|
|a 20090917d1991 k y0rusy50 ca
|
| 101 |
0 |
|
|a rus
|
| 102 |
|
|
|a RU
|
| 105 |
|
|
|a a z 001zy
|
| 200 |
1 |
|
|a Новые материалы и прогрессивные процессы производства в турбостроении
|f Центральный научно-исследовательский институт технологии и машиностроения (ЦНИИТМАШ); под ред. Г. А. Тулякова; Е.Г. Валова
|
| 210 |
|
|
|a Москва
|c Изд-во ЦНИИТМАШ
|d 1991
|
| 215 |
|
|
|a 69 с.
|c ил.
|
| 225 |
1 |
|
|a Труды ЦНИИТМАШ
|v № 227
|
| 320 |
|
|
|a Библиография в конце статей
|
| 610 |
1 |
|
|a турбостроение
|
| 610 |
1 |
|
|a новые материалы
|
| 610 |
1 |
|
|a производство
|
| 610 |
1 |
|
|a сталь
|
| 610 |
1 |
|
|a свойства
|
| 610 |
1 |
|
|a применение
|
| 610 |
1 |
|
|a отливки
|
| 610 |
1 |
|
|a термическая обработка
|
| 610 |
1 |
|
|a водород
|
| 610 |
1 |
|
|a полимеры
|
| 675 |
|
|
|a 62-135
|v 3
|
| 702 |
|
1 |
|a Туляков
|b Г. А.
|4 340
|
| 702 |
|
1 |
|a Валов
|b Е.Г.
|4 340
|
| 712 |
0 |
2 |
|a Центральный научно-исследовательский институт технологии и машиностроения (ЦНИИТМАШ)
|c (Москва)
|2 stltpush
|3 (RuTPU)RU\TPU\col\7458
|
| 801 |
|
1 |
|a RU
|b 63413507
|c 20090917
|
| 801 |
|
2 |
|a RU
|b 63413507
|c 20131016
|g RCR
|
| 942 |
|
|
|c BK
|